Presidents of the European Parliament - Statistics

General Stats
  • This quiz has been taken 44 times
  • The average score is 8 of 31
Answer Stats
Years President Country Group % Correct
2019-2022 David Sassoli Italy S&D
65%
2012-2017 Martin Schulz Germany PES/S&D
58%
2022- Roberta Metsola Malta EPP
58%
2017-2019 Antonio Tajani Italy EPP
48%
2004-2007 Josep Borrell Spain PES
33%
1979-1982 Simone Veil France LD
33%
2009-2012 Jerzy Buzek Poland EPP
28%
1954 Alcide De Gasperi Italy CD
25%
1952-1954 Paul-Henri Spaak Belgium S
25%
1958-1960 Robert Schuman France CD
25%
2002-2004 Pat Cox Ireland ELDR
23%
1966-1969 Alain Poher France CD
20%
1977-1979 Emilio Colombo Italy CD
20%
1962-1964 Gaetano Martino Italy L
20%
1954-1956 Giuseppe Pella Italy CD
20%
2007-2009 Hans-Gert Pöttering Germany EPP-ED
20%
1999-2002 Nicole Fontaine France EPP-ED
20%
1973-1975 Cees Berkhouwer Netherlands L
18%
1987-1989 C. Henry Plumb United Kingdom ED
18%
1992-1994 Egon Klepsch Germany EPP
18%
1989-1992 Enrique Barón Crespo Spain SOC
18%
1975-1977 Georges Spénale France SOC
18%
1956-1958, 1960-1962 Hans Furler West Germany CD
18%
1964-1965 Jean Duvieusart Belgium CD
18%
1997-1999 José María Gil-Robles Spain EPP
18%
1994-1997 Klaus Hänsch Germany PES
18%
1969-1971 Mario Scelba Italy CD
18%
1984-1987 Pierre Pflimlin France EPP
18%
1982-1984 Piet Dankert Netherlands SOC
18%
1965-1966 Victor Leemans Belgium CD
18%
1971-1973 Walter Behrendt West Germany SOC
18%
No matching quizzes found
Score Distribution
Percent of People with Each Score
Percentile by Number Answered
Your Score History
You have not taken this quiz